000 00555ntaaa2200193 4500
003 01
005 20251027201433.0
008 0714s1973 ag 01
040 _aAR-BaBN
_bspa
_cAR-BaBN
_eaacr
_dRIC
082 _a225.9500 R91
100 _aRussell, D. S.
_9481
245 _aThe Jews from Alexander to Herod
250 _a1 ed.
260 _aOxford :
_bOxford University Press,
_c1967
300 _a329 p.
500 _aText of the Revised Standard Version; The Clarendon Bible, Old Testament, Vol. V.
650 _aHistoria-Judíos
_910202
942 _cBK
999 _c8900
_d8900